Mamerto Oyola-Cuéllar 1838-1902: homenaje en el Sesquicentenario de su nacimiento
Saved in:
| 主要作者: | |
|---|---|
| 格式: | 图书 |
| 语言: | 西班牙语 |
| 出版: |
Santa Cruz de la Sierra
Universidad Privada de Santa Cruz de la Sierra
1988
|
| 主题: | |
| 标签: |
添加标签
没有标签, 成为第一个标记此记录!
|
MARC
| LEADER | 00000nam a2200000 a 4500 | ||
|---|---|---|---|
| 001 | UCX7734 | ||
| 003 | CL-VaPUC | ||
| 008 | 931228e19880000BO |||||||||||||||||spa|d | ||
| 082 | 0 | 4 | |a 921.8 |b PER |2 21 |
| 100 | 0 | |a Pérez Fernández, Marcelino |e author |9 324658 | |
| 245 | 1 | 0 | |a Mamerto Oyola-Cuéllar 1838-1902: homenaje en el Sesquicentenario de su nacimiento |
| 300 | |a 65 p | ||
| 942 | |c BK | ||
| 945 | |d 19931228 00:00:00 |a aalvarez | ||
| 260 | |a Santa Cruz de la Sierra |b Universidad Privada de Santa Cruz de la Sierra |c 1988 | ||
| 600 | 0 | 7 | |a OYOLA-CUELLAR, MAMERTO |2 CL-VaPUC |9 324659 |
| 650 | 7 | |a FILOSOFIA BOLIVIANA |2 CL-VaPUC |9 324660 | |
| 583 | |a last modification |c 19931228 00:00:00 |k Rodrigo Vera | ||
| 999 | |c 227479 |d 227477 | ||
| 952 | |0 0 |1 0 |4 0 |6 921_800000000000000_PER_1988 |7 0 |8 P |9 226538 |a BIBARQ |b BIBARQ |d 2019-11-15 |i 2957582 |o 921.8 PER 1988 |p 2957582 |r 2025-01-20 |w 2019-11-15 |y BK |k ARQ | ||